[Event "XIX C.to Mondiale Seniores"]
[Site "Condino ITA"]
[Date "2009.11.07"]
[Round "11"]
[White "Welz, Peter"]
[Black "Haug, Kjell"]
[WhiteElo "2101"]
[BlackElo "1970"]
[Result "1-0"]
[PlyCount "29"]
[EventDate "2009.10.27"]

1. e4 e5 2. Nf3 Nc6 3. d4 exd4 4. Nxd4 d6 5. Nc3 Nf6 6. Bf4 Nxd4 7. Qxd4 Be7 8.
O-O-O Bd7 9. f3 a6 10. g4 Bc6 11. h4 Qd7 12. Bh3 Qd8 13. e5 Nd7 14. exd6 cxd6
15. Qxg7 1-0

[Event "Weekend Citta' di Torino B"]
[Site "Torino ITA"]
[Date "2009.10.??"]
[Round "2"]
[White "Geuna, Pietro"]
[Black "Stefanini, Niccolo'"]
[Result "1-0"]
[WhiteElo "1500"]
[BlackElo "1506"]
[PlyCount "111"]
[EventDate "2009.10.30"]

1. e4 e5 2. Nf3 Nc6 3. d4 exd4 4. Nxd4 Bc5 5. Be3 Qf6 6. c3 Nge7 7. Be2 d6 8.
O-O Qg6 9. Bf3 Ne5 10. b4 Bb6 11. a4 a6 12. Na3 O-O 13. Bh5 Qxe4 14. Re1 Qd3
15. Qxd3 Nxd3 16. Red1 Bxd4 17. Bxd4 Nf4 18. Bf3 Nf5 19. Nc4 Be6 20. Na5 Nd5
21. Bxg7 Nxg7 22. Bxd5 Bxd5 23. Rxd5 b6 24. Nc4 b5 25. Ne3 Rab8 26. Rg5 Kh8 27.
Nd5 Ne6 28. Rh5 Kg7 29. a5 c5 30. Rd1 Rfd8 31. Rd3 Rg8 32. Rg3+ Kh8 33. Rgh3
Rg7 34. Nf6 Nf8 35. bxc5 dxc5 36. Rxc5 Rd8 37. Rd5 Rxd5 38. Nxd5 Rg6 39. Rf3
Kg7 40. Rg3 Ne6 41. Rxg6+ hxg6 42. Nb4 Nc7 43. Kf1 Kf6 44. Ke2 Ke5 45. Kd3 f5
46. c4 bxc4+ 47. Kxc4 Kd6 48. h3 g5 49. g3 Ne6 50. Nxa6 Ke5 51. Kb5 f4 52. Kc6
fxg3 53. fxg3 Kf5 54. Nc5 g4 55. hxg4+ Kf6 56. Nxe6 1-0

[Event "Weekend Citta' di Torino A"]
[Site "Torino ITA"]
[Date "2009.10.??"]
[Round "2"]
[White "Barbiso, Tiziana"]
[Black "Finocchiaro, Gianluca"]
[Result "1/2-1/2"]
[WhiteElo "1922"]
[BlackElo "2088"]
[PlyCount "86"]
[EventDate "2009.10.30"]

1. e4 d5 2. exd5 Qxd5 3. Nc3 Qa5 4. d4 Nf6 5. Nf3 c6 6. Bc4 Bf5 7. Bd2 e6 8.
Qe2 Bb4 9. Ne5 O-O 10. O-O-O c5 11. dxc5 Nc6 12. Nxc6 bxc6 13. f3 Rab8 14. Bb3
Qxc5 15. Bf4 Rbd8 16. Rxd8 Rxd8 17. Rd1 Nd5 18. Ne4 Qb6 19. Bd2 a5 20. a3 Be7
21. Qe1 Ra8 22. g4 Bg6 23. h4 a4 24. Bxd5 cxd5 25. Be3 Qb7 26. Nc3 Rb8 27. Nxa4
Bxc2 28. Kxc2 Qb3+ 29. Kc1 Qxa4 30. Qc3 Qa6 31. Kd2 Qb7 32. b4 Rc8 33. Qd4 Qa6
34. Qd3 Qd6 35. Rc1 Rd8 36. Bf2 Qh2 37. Qe2 d4 38. g5 Bd6 39. Kd3 Ra8 40. Bxd4
Qxh4 41. Qe4 Rxa3+ 42. Rc3 Qxe4+ 43. Kxe4 f5+ 1/2-1/2

[Event "Weekend Citta' di Torino A"]
[Site "Torino ITA"]
[Date "2009.10.??"]
[Round "2"]
[White "Giacometto, Mario"]
[Black "Sorcinelli, Francesco"]
[Result "0-1"]
[WhiteElo "1953"]
[BlackElo "2187"]
[PlyCount "68"]
[EventDate "2009.10.30"]

1. e4 c5 2. Nf3 d6 3. d4 cxd4 4. Nxd4 Nf6 5. Nc3 g6 6. Be3 Bg7 7. f3 O-O 8. Bc4
Nc6 9. Qd2 Bd7 10. g4 Ne5 11. Bb3 b5 12. g5 b4 13. Nce2 Nh5 14. f4 Nc6 15. f5
Ne5 16. Ng3 a5 17. fxg6 hxg6 18. Nxh5 gxh5 19. g6 Nxg6 20. Bh6 e5 21. Nf3 Bg4
22. O-O a4 23. Bd5 Rc8 24. Bxg7 Kxg7 25. a3 Nf4 26. Kh1 Kh8 27. axb4 Rg8 28.
Bxf7 Rg7 29. Ba2 Bh3 30. Rg1 Bg2+ 31. Rxg2 Rxg2 32. Qd1 Rcxc2 33. Rc1 Qc8 34.
Ra1 Qh3 0-1

[Event "Weekend Citta' di Torino A"]
[Site "Torino ITA"]
[Date "2009.10.??"]
[Round "3"]
[White "Sorcinelli, Francesco"]
[Black "Cacinschi, Alexandru"]
[Result "0-1"]
[WhiteElo "2187"]
[BlackElo "2017"]
[PlyCount "63"]
[EventDate "2009.10.30"]

1. e4 e6 2. Nf3 d5 3. Nc3 Nf6 4. e5 Nfd7 5. d4 c5 6. dxc5 Bxc5 7. Bd3 Nc6 8.
Bf4 Nf8 9. O-O Ng6 10. Bg3 Be7 11. Re1 O-O 12. h4 Nb4 13. Bf1 Nxh4 14. Bxh4
Bxh4 15. Nxh4 Qxh4 16. g3 Qg5 17. Kg2 f6 18. f4 Qg6 19. a3 Nxc2 20. Qd2 Nxe1+
21. Rxe1 Bd7 22. Bd3 f5 23. Ne2 d4 24. Nxd4 Rfd8 25. Qe3 Qe8 26. Bc4 Bc6+ 27.
Kf2 Bd5 28. Be2 Qe7 29. Rd1 a6 30. Nxf5 exf5 31. Rxd5 Rxd5 32. Bc4 0-1

[Event "Weekend Citta' di Torino A"]
[Site "Torino ITA"]
[Date "2009.10.??"]
[Round "3"]
[White "Torrione, William"]
[Black "Santilli, Enrico"]
[Result "1/2-1/2"]
[WhiteElo "1999"]
[BlackElo "1964"]
[PlyCount "28"]
[EventDate "2009.10.30"]

1. d4 f5 2. Nf3 Nf6 3. g3 g6 4. Bg2 Bg7 5. O-O O-O 6. c4 d6 7. b3 c5 8. e3 Nc6
9. Bb2 Ne4 10. Nbd2 cxd4 11. Nxd4 Nxd4 12. Bxd4 e5 13. Bb2 Nc5 14. Bd5+ Kh8
1/2-1/2

[Event "Weekend Citta' di Torino A"]
[Site "Torino ITA"]
[Date "2009.10.??"]
[Round "5"]
[White "Barbiso, Tiziana"]
[Black "Quirico, Paolo"]
[Result "1-0"]
[WhiteElo "1922"]
[BlackElo "2095"]
[PlyCount "91"]
[EventDate "2009.10.30"]

1. e4 e6 2. d4 d5 3. Nd2 Nf6 4. e5 Nfd7 5. Bd3 c5 6. c3 Nc6 7. Ne2 cxd4 8. cxd4
f6 9. exf6 Nxf6 10. Nf3 Bd6 11. O-O O-O 12. Bg5 Bd7 13. Bh4 Be8 14. Ng3 h6 15.
Bxf6 Qxf6 16. a3 Rc8 17. Rc1 Bxg3 18. fxg3 Bh5 19. Kh1 Nxd4 20. Rxc8 Rxc8 21.
Bb1 Bxf3 22. gxf3 e5 23. Ba2 Rd8 24. Qd3 Kh8 25. Kg2 Nf5 26. Bb1 Rf8 27. Kh1 g6
28. Rc1 Nd4 29. f4 e4 30. Qc3 Nf3 31. Qxf6+ Rxf6 32. Rd1 Rc6 33. Kg2 Rb6 34. b4
a5 35. Rxd5 Ne1+ 36. Kf2 axb4 37. Kxe1 bxa3 38. Ba2 e3 39. Ra5 Rb2 40. Rxa3 b5
41. Bd5 Rd2 42. Be4 Rxh2 43. Rxe3 Kg7 44. Rb3 Rh3 45. Kf2 h5 46. Kg2 1-0

[Event "Weekend Citta' di Torino A"]
[Site "Torino ITA"]
[Date "2009.10.??"]
[Round "5"]
[White "Sorcinelli, Francesco"]
[Black "Santilli, Enrico"]
[Result "1-0"]
[WhiteElo "2187"]
[BlackElo "1964"]
[PlyCount "49"]
[EventDate "2009.10.30"]

1. Nf3 f5 2. g3 Nf6 3. Bg2 g6 4. O-O Bg7 5. d4 O-O 6. b4 c6 7. c4 Ne4 8. Bb2 d6
9. Qb3 Kh8 10. Nbd2 e6 11. e3 Bd7 12. Rad1 Be8 13. Nxe4 fxe4 14. Nd2 d5 15. f3
exf3 16. Bxf3 Qe7 17. e4 a5 18. bxa5 Rxa5 19. exd5 cxd5 20. Bc3 Ra4 21. cxd5
Bxd4+ 22. Bxd4+ Rxd4 23. dxe6 Nc6 24. Bxc6 Bxc6 25. Qc3 1-0

[Event "V Open Natale Vomero"]
[Site "Napoli ITA"]
[Date "2009.11.05"]
[Round "1"]
[White "Angelotti, Mario"]
[Black "Franco, Vincenzo"]
[Result "0-1"]
[WhiteElo "1428"]
[BlackElo "1835"]
[PlyCount "124"]
[EventDate "2009.11.05"]

1. e4 e5 2. Nf3 Nc6 3. d4 exd4 4. Nxd4 Bc5 5. c3 Qf6 6. Be3 Nge7 7. Bc4 d6 8.
O-O Ne5 9. Be2 c6 10. Nd2 O-O 11. f4 Nd7 12. N2f3 Ng6 13. f5 Nge5 14. Qd2 Nxf3+
15. Rxf3 d5 16. Rg3 Kh8 17. Bg5 Qe5 18. Bf4 Qxe4 19. Bf3 Bxd4+ 20. cxd4 Qe7 21.
Re1 Qd8 22. Be5 Nxe5 23. dxe5 Bxf5 24. Qd4 Be6 25. Bg4 Qb6 26. Rd1 Bxg4 27.
Rxg4 Qxd4+ 28. Rdxd4 Rae8 29. Rg5 f6 30. exf6 Rxf6 31. h4 h6 32. Rg3 Re4 33.
Rxe4 dxe4 34. Re3 Re6 35. Kf2 Kh7 36. h5 g5 37. hxg6+ Kxg6 38. Rg3+ Kf6 39. Ke3
b6 40. Rg4 c5 41. b3 Kf5 42. Rf4+ Kg5 43. a4 h5 44. Rf7 a5 45. Rg7+ Kf6 46. Rg8
Kf5 47. Rf8+ Kg5 48. Rg8+ Rg6 49. Rxg6+ Kxg6 50. Kxe4 Kg5 51. Kf3 h4 52. g4 h3
53. Kg3 h2 54. Kxh2 Kxg4 55. Kg2 Kf4 56. Kf2 Ke4 57. Ke2 Kd4 58. Kd2 c4 59. Kc2
cxb3+ 60. Kxb3 Kd3 61. Ka2 Kc3 62. Ka3 Kc4 0-1

[Event "V Open Natale Vomero"]
[Site "Napoli ITA"]
[Date "2009.11.05"]
[Round "1"]
[White "Caiazzo, Diego"]
[Black "Khosravani, Afshin"]
[Result "0-1"]
[WhiteElo "1874"]
[BlackElo "1446"]
[PlyCount "176"]
[EventDate "2009.11.05"]

1. d4 f5 2. g3 Nf6 3. Bg2 e6 4. Nh3 Be7 5. O-O O-O 6. Nf4 Nc6 7. c4 Rb8 8. Nc3
b6 9. d5 e5 10. dxc6 exf4 11. Bxf4 d6 12. Nd5 Nxd5 13. Qxd5+ Kh8 14. Rab1 Qe8
15. b3 Qh5 16. Qf3 Qg6 17. Qd3 Bf6 18. Bd2 Be5 19. e3 Qh5 20. Bc3 Bf6 21. Bb2
Be6 22. Qd1 Qh6 23. Bd5 Rbe8 24. Bxf6 Rxf6 25. Qf3 g5 26. Rbd1 Qh3 27. Qg2 Qh5
28. Bxe6 Rexe6 29. Rd5 Re5 30. Rxe5 dxe5 31. Qd5 Qe8 32. Qf3 Qxc6 33. Qxc6 Rxc6
34. Rc1 Rd6 35. Rc2 Kg7 36. Kg2 Kf6 37. f3 Ke6 38. e4 fxe4 39. fxe4 g4 40. Re2
Rd3 41. Kf2 Kd6 42. Ke1 Kc5 43. Kf2 Kd4 44. Ke1 c6 45. Rf2 Rf3 46. Rd2+ Kxe4
47. Rd7 Ke3 48. Rxh7 Rf2 49. h4 gxh3 50. Rxh3 Rxa2 51. g4+ Kf4 52. Rh5 Rg2 53.
Rf5+ Kxg4 54. Rxe5 Rb2 55. Re3 Kf4 56. Rc3 Ke4 57. Kd1 Kd4 58. Rh3 Kc5 59. Kc1
Ra2 60. Kb1 Ra3 61. Kc2 Kb4 62. Kb2 a5 63. Kc2 a4 64. Rh6 axb3+ 65. Kb1 Kc5 66.
Kb2 Kb4 67. Kb1 Kc3 68. Rh3+ Kxc4 69. Rh4+ Kb5 70. Kb2 Ra4 71. Rh5+ c5 72. Kxb3
Rb4+ 73. Kc3 Ka4 74. Rh8 c4 75. Ra8+ Kb5 76. Ra3 Kc5 77. Ra8 Rb3+ 78. Kc2 Kb4
79. Ra1 c3 80. Kd3 Rb2 81. Rc1 Rd2+ 82. Ke3 Kb3 83. Rb1+ Rb2 84. Rc1 b5 85. Kd4
Rd2+ 86. Kc5 b4 87. Rb1+ Rb2 88. Rh1 c2 0-1

[Event "V Open Natale Vomero"]
[Site "Napoli ITA"]
[Date "2009.11.05"]
[Round "1"]
[White "De Rosa, Francesco"]
[Black "Capaldo, Salvatore"]
[Result "1-0"]
[WhiteElo "1973"]
[BlackElo "1696"]
[PlyCount "57"]
[EventDate "2009.11.05"]

1. e4 e5 2. Nc3 Nc6 3. f4 exf4 4. Nf3 d6 5. d4 Bg4 6. Bb5 a6 7. Bxc6+ bxc6 8.
Bxf4 Be7 9. O-O Nf6 10. Qd3 h6 11. e5 Nd5 12. exd6 cxd6 13. Nxd5 cxd5 14. h3
Be6 15. Rae1 Qd7 16. Re2 O-O 17. Kh2 Rfe8 18. Rfe1 Bf8 19. g4 g6 20. Bc1 Kh7
21. Nh4 Rec8 22. Nxg6 fxg6 23. Rxe6 Qf7 24. c3 Rc7 25. g5 h5 26. Rf6 Qg8 27.
Ree6 Rg7 28. Qf3 Raa7 29. Qxh5+ 1-0

[Event "V Open Natale Vomero"]
[Site "Napoli ITA"]
[Date "2009.11.05"]
[Round "1"]
[White "Di Meo, Antonio"]
[Black "Schiappoli, Dario"]
[Result "1/2-1/2"]
[WhiteElo "1700"]
[BlackElo "1980"]
[PlyCount "82"]
[EventDate "2009.11.05"]

1. g3 e5 2. Bg2 d5 3. d3 Be6 4. c4 Nc6 5. cxd5 Bxd5 6. Nf3 Qd7 7. Nc3 Bb4 8.
O-O Bxc3 9. bxc3 O-O-O 10. Qc2 f6 11. Be3 g5 12. c4 Be6 13. Rfb1 Nge7 14. Nd2
f5 15. Qa4 Rdg8 16. Nb3 b6 17. c5 Bd5 18. cxb6 cxb6 19. Rc1 Kd8 20. Rc3 Bxg2
21. Kxg2 f4 22. Bd2 Rg6 23. Rac1 h5 24. Qe4 Rhh6 25. Rh1 h4 26. Kf1 hxg3 27.
hxg3 Rf6 28. Ke1 Qd5 29. Rxh6 Rxh6 30. Kd1 Qxe4 31. dxe4 Rh2 32. Be1 Kd7 33. a3
Nd4 34. Rd3 Nec6 35. Nxd4 exd4 36. gxf4 gxf4 37. e3 fxe3 38. fxe3 Rh3 39. Ke2
Rxe3+ 40. Rxe3 dxe3 41. Kxe3 Ke6 1/2-1/2

[Event "V Open Natale Vomero"]
[Site "Napoli ITA"]
[Date "2009.11.05"]
[Round "1"]
[White "Donzella, Emanuele"]
[Black "Borrelli, Salvatore"]
[Result "0-1"]
[WhiteElo "1688"]
[BlackElo "1945"]
[PlyCount "86"]
[EventDate "2009.11.05"]

1. e4 e6 2. d4 d5 3. Bd3 dxe4 4. Bxe4 Nf6 5. Nc3 Nxe4 6. Nxe4 Qd5 7. f3 Nc6 8.
Ne2 e5 9. Be3 Bf5 10. N4g3 Bg6 11. c3 O-O-O 12. O-O Bd6 13. Qa4 f6 14. c4 Qa5
15. Qxa5 Nxa5 16. c5 exd4 17. cxd6 dxe3 18. dxc7 Rd2 19. b3 Kxc7 20. Nf4 Bd3
21. Rfd1 Bc2 22. Rac1 Kd7 23. Ne4 Bxe4 24. fxe4 Re8 25. Rc5 Rxe4 26. Rd5+ Rxd5
27. Nxd5 Nc6 28. Nc3+ Rd4 29. Kf1 f5 30. g3 g5 31. Nb5 Rd2 32. Re1 f4 33. Re2
Rd1+ 34. Kg2 Nd4 35. Nxd4 Rxd4 36. g4 Ke6 37. Kf3 Ke5 38. Rc2 Rd2 39. Rxd2 exd2
40. Ke2 Ke4 41. Kxd2 Kf3 42. h3 Kg3 43. Ke2 f3+ 0-1

[Event "V Open Natale Vomero"]
[Site "Napoli ITA"]
[Date "2009.11.05"]
[Round "1"]
[White "Esposito, Rosario"]
[Black "Lerro, Luca"]
[Result "1-0"]
[WhiteElo "1858"]
[BlackElo "1431"]
[PlyCount "109"]
[EventDate "2009.11.05"]

1. d4 Nf6 2. c4 c5 3. d5 b5 4. cxb5 a6 5. f3 g6 6. e4 d6 7. bxa6 Bxa6 8. Bxa6
Qa5+ 9. Bd2 Qxa6 10. Ne2 Bg7 11. Bc3 O-O 12. O-O Nbd7 13. Nd2 Nb6 14. b3 Qd3
15. Nc4 Qxd1 16. Rfxd1 Nxc4 17. bxc4 Rfb8 18. Rd2 Ra4 19. Rb2 Rxb2 20. Bxb2
Rxc4 21. Kf1 Rc2 22. Bc3 Nd7 23. Bxg7 Kxg7 24. a4 Nb8 25. a5 Na6 26. Ke1 Kf6
27. Kd1 Rb2 28. Ra3 e6 29. f4 exd5 30. exd5 Kf5 31. Ra4 Rb4 32. Ra3 Ke4 33. Rh3
h5 34. Nc3+ Kd4 35. Kc2 c4 36. f5 Nc7 37. fxg6 fxg6 38. Rg3 Nxd5 39. Nxd5 Kxd5
40. Rxg6 Kc5 41. Rg5+ d5 42. Rxh5 Ra4 43. g4 Rxa5 44. g5 Ra8 45. g6 Rg8 46. Rg5
Kd4 47. h4 Ke4 48. h5 d4 49. h6 Kf4 50. h7 d3+ 51. Kc3 Rh8 52. g7 d2 53. Rg1
Rxh7 54. g8=Q Rd7 55. Qg4+ 1-0

[Event "V Open Natale Vomero"]
[Site "Napoli ITA"]
[Date "2009.11.05"]
[Round "1"]
[White "Gallina, Giacomo"]
[Black "Messina, Enrico"]
[Result "0-1"]
[WhiteElo "1810"]
[BlackElo "2119"]
[PlyCount "56"]
[EventDate "2009.11.05"]

1. e4 c5 2. Nc3 Nc6 3. f4 e6 4. Bc4 Nge7 5. Nf3 d5 6. Bb3 dxe4 7. Nxe4 Nd5 8.
d3 Be7 9. O-O O-O 10. a3 b6 11. Qe1 Bb7 12. Qg3 Kh8 13. Bd2 Nf6 14. Bc3 Nd4 15.
Nxd4 cxd4 16. Nxf6 dxc3 17. Ng4 cxb2 18. Rae1 Bh4 19. Qh3 Bxe1 20. Rxe1 Qd4+
21. Qe3 Rad8 22. Kh1 h5 23. Qxd4 Rxd4 24. Ne5 Rxf4 25. Kg1 Rf5 26. Nc4 Bd5 27.
Rb1 Bxc4 28. Bxc4 Ra5 0-1

[Event "V Open Natale Vomero"]
[Site "Napoli ITA"]
[Date "2009.11.05"]
[Round "1"]
[White "Longobardi, Giuseppe"]
[Black "Di Gennaro, Antonio"]
[Result "1-0"]
[WhiteElo "1985"]
[BlackElo "1700"]
[PlyCount "71"]
[EventDate "2009.11.05"]

1. d4 d5 2. c4 e6 3. Nc3 c6 4. e3 Nf6 5. Nf3 Nbd7 6. Bd3 dxc4 7. Bxc4 b5 8. Bd3
Bb7 9. O-O a6 10. a3 Bd6 11. e4 e5 12. h3 O-O 13. Be3 Qe7 14. Qc2 Rac8 15. dxe5
Nxe5 16. Nxe5 Bxe5 17. f4 Bc7 18. b4 Nd7 19. e5 h6 20. Ne4 Bb6 21. Bxb6 Nxb6
22. Nd6 Rcd8 23. Be4 Nd5 24. Rae1 f6 25. Qc5 Rb8 26. exf6 Qxf6 27. Bxd5+ cxd5
28. Nxb7 Rxb7 29. Qxd5+ Rbf7 30. f5 Rd8 31. Qe5 Qg5 32. Rf3 Rd2 33. Rg3 Qxf5
34. Rxg7+ Rxg7 35. Qxf5 Rgxg2+ 36. Kf1 1-0

[Event "V Open Natale Vomero"]
[Site "Napoli ITA"]
[Date "2009.11.05"]
[Round "1"]
[White "Morace, Vitaliano"]
[Black "De Meo, Guido"]
[Result "0-1"]
[WhiteElo "1592"]
[BlackElo "1911"]
[PlyCount "64"]
[EventDate "2009.11.05"]

1. Nf3 d5 2. b4 Bf5 3. Bb2 Nf6 4. e3 e6 5. a3 Nbd7 6. c4 Be7 7. d4 O-O 8. Bd3
Bxd3 9. Qxd3 a5 10. Nbd2 axb4 11. c5 bxa3 12. Bxa3 Re8 13. O-O Bf8 14. Ne5 Nxe5
15. dxe5 Nd7 16. Qc3 c6 17. e4 Qa5 18. Bb4 Qc7 19. f4 f6 20. Nf3 dxe4 21. Nd4
Rxa1 22. Rxa1 fxe5 23. fxe5 Qxe5 24. Qe3 Bxc5 25. Bxc5 Nxc5 26. Rc1 Nd3 27. Rd1
Qd5 28. Ne2 e5 29. Nc3 Qd4 30. Qxd4 exd4 31. Ne2 c5 32. g3 b5 0-1

[Event "V Open Natale Vomero"]
[Site "Napoli ITA"]
[Date "2009.11.05"]
[Round "1"]
[White "Rosato, Luciano"]
[Black "Esposito, Pino"]
[Result "1/2-1/2"]
[WhiteElo "2275"]
[BlackElo "1815"]
[PlyCount "118"]
[EventDate "2009.11.05"]

1. d4 d5 2. Nf3 Nf6 3. e3 Bg4 4. c4 c6 5. Qb3 Qb6 6. Nc3 e6 7. Ne5 Nbd7 8. Nxg4
Nxg4 9. Be2 Ngf6 10. Bd2 Be7 11. Qxb6 axb6 12. O-O O-O 13. Rfc1 Rfe8 14. a3 Bd6
15. f4 Ne4 16. Nxe4 dxe4 17. b4 Be7 18. g4 h6 19. Kf2 g6 20. Kg3 f5 21. h4 Kf7
22. Bc3 Rg8 23. Rd1 Bf6 24. Ra2 Rgd8 25. Ba1 Be7 26. Rdd2 Nf8 27. gxf5 gxf5 28.
Bh5+ Kg8 29. d5 Kh7 30. Kh3 exd5 31. Rg2 Bxb4 32. axb4 Rxa2 33. Rxa2 dxc4 34.
Rg2 Rd7 35. Bd4 Rxd4 36. exd4 Ne6 37. Kg3 Nxd4 38. Kf2 c5 39. bxc5 bxc5 40. Ke3
b5 41. Ra2 c3 42. Ra7+ Kg8 43. Rc7 Nc2+ 44. Ke2 c4 45. Bf7+ Kf8 46. Bxc4 Nd4+
47. Ke3 Nc2+ 48. Kf2 bxc4 49. Rxc4 Kf7 50. Rxc3 Nd4 51. Ke3 Ne6 52. Rc6 h5 53.
Ra6 Ke7 54. Ra8 Kf6 55. Ra1 Kf7 56. Rf1 Kf6 57. Kd2 Nf8 58. Ke3 Ne6 59. Ra1 Kf7
1/2-1/2

[Event "V Open Natale Vomero"]
[Site "Napoli ITA"]
[Date "2009.11.05"]
[Round "1"]
[White "Solombrino, Giovanni"]
[Black "Zinnai, Graziano Matteo"]
[Result "1-0"]
[WhiteElo "1915"]
[BlackElo "1620"]
[PlyCount "119"]
[EventDate "2009.11.05"]

1. e4 c6 2. d4 d5 3. Nc3 dxe4 4. Nxe4 Bf5 5. Ng3 Bg6 6. Nf3 Nd7 7. Bd3 Bxd3 8.
Qxd3 Ngf6 9. O-O e6 10. Re1 Bd6 11. Nf5 Bc7 12. Nxg7+ Ke7 13. Qe2 Qg8 14. Nf5+
Kd8 15. Nh6 Qg7 16. Ne5 Nxe5 17. dxe5 Nd7 18. Bf4 Qg6 19. Rad1 Kc8 20. Qd3 Qxd3
21. Rxd3 Rf8 22. Bg3 a5 23. Rf3 f6 24. exf6 Bxg3 25. hxg3 Nc5 26. Re5 b6 27.
Rg5 Ne4 28. Rg7 Rxf6 29. Rxf6 Nxf6 30. Rf7 Nd5 31. c3 b5 32. Rxh7 a4 33. Rh8+
Kb7 34. Rxa8 Kxa8 35. g4 a3 36. bxa3 Nxc3 37. g5 Ne4 38. g6 Nf6 39. g7 c5 40.
g8=Q+ Nxg8 41. Nxg8 c4 42. Kf1 Ka7 43. Ne7 Ka6 44. Nc6 Kb6 45. Nd4 c3 46. Ke2
e5 47. Nc2 Kc5 48. Kd3 Kd5 49. Kxc3 Ke4 50. Kd2 Kf4 51. Ke2 Ke4 52. g3 Kd5 53.
g4 Ke4 54. Ne3 Kf4 55. f3 e4 56. fxe4 Kxe4 57. Kf2 Kf4 58. Kg2 Kg5 59. Kg3 Kf6
60. Nd5+ 1-0

[Event "V Open Natale Vomero"]
[Site "Napoli ITA"]
[Date "2009.11.05"]
[Round "1"]
[White "Vannini, Aldo"]
[Black "Seletsky, Grigory"]
[Result "0-1"]
[WhiteElo "1828"]
[BlackElo "2345"]
[PlyCount "98"]
[EventDate "2009.11.05"]

1. d4 Nf6 2. Nf3 g6 3. e3 Bg7 4. Be2 O-O 5. O-O d6 6. c4 Nbd7 7. Nc3 e5 8. dxe5
dxe5 9. e4 c6 10. Bg5 a5 11. h3 Re8 12. Qc2 Nc5 13. Rad1 Qc7 14. Rd2 a4 15.
Rfd1 Nfd7 16. Nh2 Ne6 17. Be3 Ndc5 18. Bf1 Nd4 19. Qb1 Qa5 20. Ne2 Nce6 21. Rd3
Qb4 22. Qc1 Nc5 23. R3d2 Nxe2+ 24. Bxe2 Nxe4 25. Rd8 Be6 26. Rxe8+ Rxe8 27. Nf3
f5 28. a3 Qb3 29. Nd2 Nxd2 30. Rxd2 e4 31. c5 Be5 32. Bd1 Qb5 33. Be2 Qb3 34.
Rc2 Rd8 35. Bd1 Bd5 36. Rd2 Qb5 37. Be2 Qa5 38. Bg5 Rd7 39. Be3 Qd8 40. Bc4
Bxc4 41. Qxc4+ Kg7 42. Qe6 Rxd2 43. Qxe5+ Kf7 44. Bh6 Rd1+ 45. Kh2 Rd7 46. Kg3
Qc7 47. Qxc7 Rxc7 48. Bf4 Rd7 49. Be3 Kf6 0-1

[Event "V Open Natale Vomero"]
[Site "Napoli ITA"]
[Date "2009.11.12"]
[Round "2"]
[White "Accardo, Francesco"]
[Black "Rosato, Luciano"]
[Result "0-1"]
[WhiteElo "1869"]
[BlackElo "2275"]
[PlyCount "50"]
[EventDate "2009.11.05"]

1. b4 Nf6 2. c4 e6 3. b5 a6 4. a4 d5 5. Na3 axb5 6. cxb5 c5 7. Nf3 Bd6 8. Bb2
Nbd7 9. g4 e5 10. h3 O-O 11. Bg2 e4 12. Nh4 Nb6 13. a5 Rxa5 14. Bc3 Ra8 15. d3
exd3 16. exd3 d4 17. Bd2 Re8+ 18. Kf1 Nfd5 19. Nf5 Bxf5 20. gxf5 Qd7 21. Qg4
Nf6 22. Qf3 c4 23. dxc4 Nxc4 24. Bc1 Rxa3 25. Bxa3 Nd2+ 0-1

[Event "V Open Natale Vomero"]
[Site "Napoli ITA"]
[Date "2009.11.12"]
[Round "2"]
[White "Borrelli, Salvatore"]
[Black "Solombrino, Giovanni"]
[Result "1/2-1/2"]
[WhiteElo "1945"]
[BlackElo "1915"]
[PlyCount "34"]
[EventDate "2009.11.05"]

1. e4 c5 2. Nf3 Nc6 3. d4 cxd4 4. Nxd4 g6 5. c4 Bg7 6. Be3 Nf6 7. Nc3 Ng4 8.
Qxg4 Nxd4 9. Qd1 Ne6 10. Qd2 O-O 11. Be2 d6 12. O-O b6 13. f4 Bb7 14. Nd5 Nc5
15. Bf3 e6 16. Nc3 Bxc3 17. Qxc3 Bxe4 1/2-1/2

[Event "V Open Natale Vomero"]
[Site "Napoli ITA"]
[Date "2009.11.12"]
[Round "2"]
[White "Capaldo, Salvatore"]
[Black "Angelotti, Mario"]
[Result "0-1"]
[WhiteElo "1696"]
[BlackElo "1428"]
[PlyCount "62"]
[EventDate "2009.11.05"]

1. e4 c5 2. Nf3 Nc6 3. d4 cxd4 4. Nxd4 g6 5. Nc3 Bg7 6. Be3 d6 7. Be2 a6 8. O-O
Nf6 9. f4 O-O 10. Bf3 Bd7 11. Qd2 Rc8 12. Rad1 Ng4 13. Bxg4 Bxg4 14. Nce2 Nxd4
15. Nxd4 Bxd1 16. Rxd1 Qc7 17. c3 Rcd8 18. f5 d5 19. fxg6 hxg6 20. Qf2 dxe4 21.
Rf1 e5 22. Ne2 f5 23. Bb6 Qd7 24. Bxd8 Rxd8 25. g3 Bh6 26. Kh1 Qd5 27. Qg2 Qxa2
28. Nc1 Qc4 29. Qe2 Qxe2 30. Nxe2 Rd2 31. Rf2 Rxb2 0-1

[Event "V Open Natale Vomero"]
[Site "Napoli ITA"]
[Date "2009.11.12"]
[Round "2"]
[White "De Meo, Guido"]
[Black "Longobardi, Giuseppe"]
[Result "0-1"]
[WhiteElo "1911"]
[BlackElo "1985"]
[PlyCount "62"]
[EventDate "2009.11.05"]

1. d4 Nf6 2. c4 e6 3. g3 Bb4+ 4. Nd2 Ne4 5. Bg2 f5 6. Ngf3 c6 7. c5 O-O 8. O-O
d5 9. cxd6 Nxd2 10. Bxd2 Bxd6 11. Qb3 Na6 12. Rfe1 Nc7 13. e4 fxe4 14. Rxe4 Nd5
15. Ng5 Qf6 16. Qf3 Qxf3 17. Nxf3 h6 18. Ne5 Bxe5 19. Rxe5 Bd7 20. Bh3 Rf6 21.
Rae1 Raf8 22. f4 Kf7 23. Rf1 Kg6 24. Rfe1 Kf7 25. Rf1 g6 26. f5 exf5 27. Bxh6
Rh8 28. Bg2 Rxh6 29. Rfe1 Re6 30. Rf1 Rxe5 31. dxe5 Ke6 0-1

[Event "V Open Natale Vomero"]
[Site "Napoli ITA"]
[Date "2009.11.12"]
[Round "2"]
[White "Esposito, Pino"]
[Black "De Rosa, Mariagrazia"]
[Result "0-1"]
[WhiteElo "1815"]
[BlackElo "2082"]
[PlyCount "66"]
[EventDate "2009.11.05"]

1. Nf3 c5 2. c4 Nc6 3. g3 g6 4. Bg2 Bg7 5. Nc3 d6 6. d3 Bg4 7. Rb1 Qd7 8. h3
Bf5 9. e4 Be6 10. Ng5 Nf6 11. Be3 Rb8 12. O-O a6 13. a4 Qc8 14. Nxe6 fxe6 15.
Qd2 O-O 16. Bh6 Nd7 17. Bxg7 Kxg7 18. f4 Qd8 19. Ne2 Qc7 20. h4 b5 21. axb5
axb5 22. b3 Rb6 23. Bh3 Rf6 24. Ra1 bxc4 25. bxc4 Qb7 26. Rfc1 e5 27. f5 Nd4
28. Nxd4 exd4 29. fxg6 Ne5 30. Kg2 hxg6 31. Ra2 Rb3 32. Rf1 Rxd3 33. Qe2 Re3
0-1

[Event "V Open Natale Vomero"]
[Site "Napoli ITA"]
[Date "2009.11.12"]
[Round "2"]
[White "Franco, Vincenzo"]
[Black "Khosravani, Afshin"]
[Result "1-0"]
[WhiteElo "1835"]
[BlackElo "1446"]
[PlyCount "43"]
[EventDate "2009.11.05"]

1. e4 d6 2. d4 Nf6 3. Bd3 g6 4. c3 Bg7 5. Nf3 O-O 6. Be3 Bg4 7. Nbd2 Nc6 8. h3
Bxf3 9. Nxf3 e6 10. Qd2 Re8 11. Bg5 Ne7 12. O-O Qc8 13. Rfe1 c6 14. Qf4 Nd7 15.
Qxd6 Qd8 16. Rad1 Nf8 17. Qf4 Qb6 18. Ne5 f5 19. Nc4 Qd8 20. Nd6 e5 21. dxe5
Ne6 22. Bc4 1-0

[Event "V Open Natale Vomero"]
[Site "Napoli ITA"]
[Date "2009.11.12"]
[Round "2"]
[White "Guardascione, Federico G."]
[Black "Caiazzo, Diego"]
[Result "0-1"]
[WhiteElo "1470"]
[BlackElo "1874"]
[PlyCount "82"]
[EventDate "2009.11.05"]

1. e4 e6 2. Nf3 d5 3. exd5 exd5 4. d3 Nf6 5. Nbd2 Be7 6. Be2 O-O 7. O-O c6 8.
c3 h6 9. Qc2 Bf5 10. b3 Nbd7 11. Bb2 Re8 12. Rfe1 Qc7 13. Bf1 Bd6 14. Qc1 Rxe1
15. Qxe1 Re8 16. Qc1 Ng4 17. g3 Nge5 18. Ne1 Bh7 19. Ba3 Nf6 20. Bxd6 Qxd6 21.
Ndf3 Nfd7 22. Nxe5 Nxe5 23. Qd2 Qf6 24. Bg2 Nd7 25. d4 Qe7 26. a4 Qe2 27. Qf4
Nf6 28. Nf3 Qb2 29. Re1 Rxe1+ 30. Nxe1 Bg6 31. c4 Qxb3 32. c5 Qxa4 33. Qb8+ Kh7
34. Qxb7 a5 35. h4 h5 36. Qb2 Qd1 37. Qc3 a4 38. Kh2 Qb3 39. Qd2 a3 40. Bf1 Qb2
41. Qa5 Qxf2+ 0-1